000 00203nam a2200097Ia 4500
008 190216s9999||||xx |||||||||||||| ||und||
100 _aRadhakrishnan C
245 0 _aYudham
260 _bNull
942 _cBK
999 _c24428
_d24428